[Event "Match"]
[Site "www.echecsemail.com"]
[Date "2015.04.12"]
[Round "1"]
[White "Oxycontin"]
[Black "Juodivarnai"]
[WhiteElo "2060"]
[BlackElo "2160"]
[Result "1/2-1/2"]
[Round "1"]
1.Ng1f3 g6
2.g3 Bf8g7
3.Bf1g2 e5
4.e4 Ng8e7
5.c3 O-O
6.d4 exd4
7.cxd4 d6
8.O-O Bc8g4
9.Bc1e3 Nb8c6
10.Nb1c3 Qd8d7
11.d5 Nc6e5
12.Be3f4 f5
13.Bf4xe5 Bg7xe5
14.Nf3xe5 dxe5
15.Qd1b3 Kg7
16.f3 Bg4h5
17.Qb3b5 c6
18.dxc6 Ne7xc6
19.Ra1d1 Qd7e7
20.exf5 gxf5
21.Rd1d5 Bh5f7
22.Rd5d2 Rf8d8
23.Rf1d1 Rd8xd2
24.Rd1xd2 Ra8d8
25.Rd2xd8 Nc6xd8
26.Bg2f1 Nd8c6
27.Bf1d3 Bf7e6
28.a3 a6
29.Qb5b6 Qe7d7
30.Qb6e3 Qd7d4
31.Kf2 Qd4xe3
32.Kxe3 Kf6
33.h4 Nc6d4
34.Nc3e2 Nd4xe2
35.Kxe2 Be6d5
36.Ke3 Bd5c6
{ draw }
1/2-1/2

[Event "Match"]
[Site "www.echecsemail.com"]
[Date "2015.04.12"]
[Round "1"]
[White "Nugun"]
[Black "Ditto"]
[WhiteElo "1580"]
[BlackElo "1620"]
[Result "0-1"]
[Round "1"]
1.c4 e5
2.Ng1f3 Nb8c6
3.Nb1c3 Ng8f6
4.d4 e4
5.Nf3g5 d5
6.Nc3xd5 Nf6xd5
7.cxd5 Nc6b8
8.d6 Bf8xd6
9.e3 Qd8xg5
10.Qd1a4 Bc8d7
11.Qa4c2 Bd7f5
12.Bc1d2 O-O
13.f3 exf3
14.e4 Qg5h4
15.g3 Qh4xe4
16.Qc2xe4 Bf5xe4
17.Kf2 Nb8d7
18.Ra1e1 Nd7f6
19.h3 Ra8d8
20.Rh1h2 Bd6e7
21.Kg1 Rd8xd4
22.Bd2c3 Rd4d8
23.Rh2f2 Be7c5
24.Bc3xf6 Bc5xf2
25.Kxf2 gxf6
26.Re1xe4 Rd8d2
27.Kxf3 Rd2xb2
28.Bf1c4 c6
29.Re4g4 Kh8
30.Rg4f4 Kg7
31.Rf4g4 Kh8
32.Kf4 Rb2c2
33.Kf5 Rc2f2
34.Rg4f4 Rf2xf4
35.gxf4 Kg7
36.Kg4 Rf8d8
37.a4 Rd8d4
38.Kh5 Rd4xc4
{ resign }
0-1

[Event "Match"]
[Site "www.echecsemail.com"]
[Date "2015.04.12"]
[Round "1"]
[White "Generalfree"]
[Black "Ditto"]
[WhiteElo "1840"]
[BlackElo "1650"]
[Result "0-1"]
[Round "1"]
1.e4 e5
2.Ng1f3 Nb8c6
3.Bf1c4 Ng8f6
4.Nf3g5 d5
5.exd5 Nc6d4
6.c3 Nd4f5
7.d3 Bf8c5
8.b4 Bc5b6
9.a4 a6
10.a5 Bb6a7
11.O-O Nf5d6
12.Bc4b3 Bc8g4
13.Qd1e1 O-O
14.Qe1xe5 Rf8e8
15.Qe5f4 Bg4h5
16.d4 Bh5g6
17.Bc1e3 Nf6h5
18.Qf4g4 Nh5f6
19.Qg4h3 Bg6f5
20.Qh3f3 Bf5g6
21.Nb1d2 Nd6b5
22.Ra1c1 Nb5d6
23.c4 Bg6d3
24.Rf1d1 Bd3g6
25.c5 Nd6b5
26.Nd2c4 Nf6xd5
27.Nc4e5 c6
28.Ne5xg6 fxg6
29.Qf3f7 Kh8
30.Qf7xb7 Kg8
31.Qb7xc6 Kf8
32.Ng5xh7 Kg8
33.Qc6xg6 Nb5c7
34.Bb3xd5 Nc7xd5
35.Be3h6 Re8e7
36.f4 Ba7b8
37.f5 Bb8f4
38.Bh6xf4 Nd5xf4
39.Qg6g4 Nf4d5
40.Qg4h3 Re7f7
41.Rd1d3 Nd5f4
42.Qh3g4 Nf4xd3
43.Rc1b1 Kxh7
44.Qg4g6 Kg8
45.f6 Qd8xd4
46.Kh1 Nd3f2
{ resign }
0-1

[Event "Match"]
[Site "www.echecsemail.com"]
[Date "2015.04.12"]
[Round "1"]
[White "Gambitmiau"]
[Black "Ditto"]
[WhiteElo "1820"]
[BlackElo "1720"]
[Result "0-1"]
[Round "1"]
1.e4 e5
2.d4 exd4
3.c3 dxc3
4.Bf1c4 cxb2
5.Bc1xb2 Nb8c6
6.Qd1f3 Ng8f6
7.a3 d6
8.Ng1e2 Bc8g4
9.Qf3f4 Bf8e7
10.Bb2xf6 Be7xf6
11.Ra1a2 Bg4xe2
12.Ra2xe2 O-O
13.O-O Nc6d4
14.Re2e3 Nd4c2
15.Re3g3 Bf6e5
16.Rg3xg7 Be5xg7
17.Rf1d1 Bg7e5
18.Qf4g4 Kh8
19.Rd1d3 Qd8f6
20.Nb1d2 Rf8g8
21.Qg4d7 Nc2e1
22.Rd3h3 Rg8xg2
23.Kh1 Ra8g8
24.Rh3g3 Be5xg3
25.f3 Rg2xh2
26.Kg1 Qf6d4
{ resign }
0-1

[Event "Match"]
[Site "www.echecsemail.com"]
[Date "2015.04.12"]
[Round "1"]
[White "Gimmyg"]
[Black "Colchester"]
[WhiteElo "2070"]
[BlackElo "1920"]
[Result "1-0"]
[Round "1"]
1.d4 f5
2.b3 Ng8f6
3.Ng1f3 e6
4.c4 d5
5.e3 c6
6.Bf1d3 Bf8d6
7.Bc1b2 O-O
8.Nb1c3 Nf6e4
9.O-O Nb8d7
10.Qd1c2 Nd7f6
11.Nf3e5 Ne4xc3
12.Bb2xc3 Nf6e4
13.Bc3b2 Bd6xe5
14.dxe5 Bc8d7
15.Bb2a3 Rf8e8
16.Bd3xe4 fxe4
17.Ba3d6 Qd8g5
18.Qc2e2 Qg5f5
19.f3 exf3
20.Rf1xf3 Qf5e4
21.Rf3f4 Qe4g6
22.Rf4g4 Qg6h6
23.Qe2f3 g6
24.Ra1f1 a5
25.Qf3f7 { resign }
1-0

[Event "Match"]
[Site "www.echecsemail.com"]
[Date "2015.04.12"]
[Round "1"]
[White "Osmund"]
[Black "Budokai"]
[WhiteElo "1349"]
[BlackElo "1499"]
[Result "1-0"]
[Round "1"]
1.e4 Nb8c6
2.Bf1b5 Nc6d4
3.c3 Nd4xb5
4.c4 Nb5d6
5.d3 c6
6.Ng1f3 Qd8a5
7.Nb1c3 Qa5h5
8.h3 Qh5g6
9.g4 Qg6f6
10.a4 g6
11.g5 Qf6g7
12.c5 Nd6f5
13.Bc1f4 h6
14.exf5 hxg5
15.Bf4xg5  { time }
1-0

[Event "Match"]
[Site "www.echecsemail.com"]
[Date "2015.04.12"]
[Round "1"]
[White "Stevep84"]
[Black "F14"]
[WhiteElo "2110"]
[BlackElo "1880"]
[Result "1-0"]
[Round "1"]
1.e4 c5
2.Ng1f3 d6
3.d4 cxd4
4.Nf3xd4 Nb8c6
5.Nb1c3 Ng8f6
6.Bc1g5 e5
7.Nd4b5 a6
8.Nb5a3 Bf8e7
9.Na3c4 Nc6d4
10.Bg5xf6 Be7xf6
11.Nc3d5 O-O
12.c3 Nd4c6
13.Nc4b6 Ra8b8
14.Qd1f3 Bc8e6
15.Nd5xf6 Qd8xf6
16.Qf3xf6 gxf6
17.O-O-O Rb8d8
18.Bf1e2 f5
19.exf5 Be6xf5
20.g4 Bf5g6
21.h4 f5
22.h5 Bg6e8
23.g5 f4
24.Rd1g1 e4
25.g6 hxg6
26.hxg6 f3
27.Be2c4 Kg7
28.Rh1h7 Kf6
29.g7 Be8f7
30.gxf8Q Rd8xf8
31.Nb6d7 Ke7
32.Nd7xf8 Kxf8
33.Rh7xf7 { resign }
1-0

[Event "Match"]
[Site "www.echecsemail.com"]
[Date "2015.04.12"]
[Round "1"]
[White "Gambitchess"]
[Black "Guidom"]
[WhiteElo "1690"]
[BlackElo "2020"]
[Result "1-0"]
[Round "1"]
1.d4 d5
2.Nb1c3 Ng8f6
3.Bc1g5 e6
4.e4 Bf8e7
5.e5 Nf6d7
6.Bg5xe7 Qd8xe7
7.Qd1d2 O-O
8.f4 f5
9.Ng1f3 c5
10.O-O-O cxd4
11.Nf3xd4 Nd7c5
12.h4 Nb8c6
13.g3 h5
14.Bf1e2 g6
15.Nd4b5 a6
16.Nb5d6 b5
17.Nc3xd5 exd5
18.Qd2xd5 Bc8e6
19.Qd5xc5 Nc6a5
20.Kb1 Na5c4
21.Be2xc4 Be6xc4
22.b3 Bc4e6
23.Rd1d2 Ra8a7
24.b4 Rf8b8
25.Rh1d1 Ra7c7
26.Qc5e3 Be6c4
27.a3 Rb8a8
28.Qe3b6 a5
29.Nd6xc4 Rc7xc4
30.Qb6xg6 Kh8
31.Rd2d7 { resign }
1-0

[Event "Match"]
[Site "www.echecsemail.com"]
[Date "2015.04.12"]
[Round "1"]
[White "Gaspard"]
[Black "Generalfree"]
[WhiteElo "1710"]
[BlackElo "1770"]
[Result "1-0"]
[Round "1"]
1.c4 e5
2.Nb1c3 Bf8c5
3.Ng1f3 Nb8c6
4.e3 Ng8f6
5.d4 exd4
6.exd4 Bc5b4
7.Bc1d2 O-O
8.a3 Bb4xc3
9.Bd2xc3 Rf8e8
10.Bf1e2 d6
11.O-O b6
12.d5 Nc6e5
13.Rf1e1 Ne5xf3
14.Be2xf3 Re8xe1
15.Qd1xe1 Bc8f5
16.Qe1d2 Bf5e4
17.Bc3xf6 Qd8xf6
18.Bf3xe4 Ra8e8
19.Ra1e1 g6
20.b4 Qf6h4
21.Be4d3 Re8xe1
22.Qd2xe1 Qh4d4
23.Qe1e3 Qd4a1
24.Bd3f1 a6
25.h3 f5
26.c5 bxc5
27.bxc5 dxc5
28.Qe3xc5 Qa1e5
29.Qc5c4 Qe5d6
30.Qc4xa6 Qd6xd5
31.Bf1c4 { resign }
1-0

[Event "Match"]
[Site "www.echecsemail.com"]
[Date "2015.04.12"]
[Round "1"]
[White "Expert"]
[Black "Nestor"]
[WhiteElo "1680"]
[BlackElo "2090"]
[Result "0-1"]
[Round "1"]
1.d4 d5
2.Bc1f4 Nb8c6
3.e3 Ng8f6
4.Ng1f3 g6
5.Bf1b5 Bf8g7
6.Nf3e5 Bc8d7
7.Ne5xd7 Qd8xd7
8.Nb1c3 O-O
9.O-O a6
10.Bb5xc6 Qd7xc6
11.Bf4g3 Nf6h5
12.Qd1d2 Ra8d8
13.Rf1e1 b5
14.Nc3e2 Nh5xg3
15.Ne2xg3 Qc6b6
16.c3 c5
17.Ra1d1 c4
18.Qd2c2 a5
19.e4 dxe4
20.Ng3xe4 e6
21.Ne4c5 Rf8e8
22.g3 b4
23.Rd1d2 Rd8d5
24.Re1d1 Re8d8
25.Qc2e4 Bg7h6
26.f4 Bh6g7
27.Qe4e3 Qb6a7
28.Qe3f3 Bg7f8
29.Nc5e4 Kg7
30.Kg2 a4
31.h4 a3
32.bxa3 Qa7xa3
33.cxb4 Qa3xb4
34.a3 Qb4xa3
35.Qf3xa3 Bf8xa3
{ resign }
0-1

[Event "Match"]
[Site "www.echecsemail.com"]
[Date "2015.04.12"]
[Round "1"]
[White "Nugun"]
[Black "Cyrilgeorge"]
[WhiteElo "1590"]
[BlackElo "1429"]
[Result "1-0"]
[Round "1"]
1.c4 c5
2.g3 Nb8c6
3.e3 b6
4.Bf1g2 Bc8b7
5.Ng1e2 Qd8c7
6.d4 e5
7.O-O O-O-O
8.Bc1d2 exd4
9.e4 Nc6e5
10.Bd2f4 f6
11.b3 d6
12.b4 Ne5xc4
13.Qd1a4 a5
14.bxc5 Qc7xc5
15.Nb1d2 Nc4xd2
16.Rf1c1 Nd2xe4
17.Rc1xc5 dxc5
18.Bg2h3 { resign }
1-0

[Event "Match"]
[Site "www.echecsemail.com"]
[Date "2015.04.12"]
[Round "1"]
[White "Harrytheking"]
[Black "Bbking"]
[WhiteElo "1690"]
[BlackElo "1490"]
[Result "1-0"]
[Round "1"]
1.c4 d5
2.e3 e5
3.a3 e4
4.Nb1c3 Ng8f6
5.h3 Bc8f5
6.b3 Bf8c5
7.b4 Bc5e7
8.cxd5 Nf6xd5
9.Nc3xd5 Qd8xd5
10.Ng1e2 Nb8c6
11.Ne2f4 Qd5e5
12.Ra1b1 O-O
13.Bc1b2 Qe5d6
14.Bf1c4 Nc6xb4
15.axb4 Qd6xb4
16.Bc4a2 Ra8d8
17.O-O Rd8xd2
18.Qd1c1 a5
19.Bb2c3 Qb4xc3
20.Qc1xc3 Rd2xa2
21.Qc3xc7 Bf5c8
22.Nf4d5 Be7h4
23.Nd5e7 Bh4xe7
24.Qc7c4 { resign }
1-0

[Event "Match"]
[Site "www.echecsemail.com"]
[Date "2015.04.12"]
[Round "1"]
[White "Generalfree"]
[Black "Guidom"]
[WhiteElo "1790"]
[BlackElo "2130"]
[Result "0-1"]
[Round "1"]
1.e4 e5
2.Ng1f3 Nb8c6
3.Bf1c4 d6
4.c3 Bf8e7
5.d4 exd4
6.cxd4 Ng8f6
7.Nb1c3 O-O
8.Bc1d2 Bc8g4
9.Bd2e3 Qd8c8
10.h3 Bg4h5
11.g4 Bh5g6
12.e5 Nf6e4
13.Nc3d5 Kh8
14.Nd5xe7 Nc6xe7
15.Nf3h4 dxe5
16.dxe5 Rf8d8
17.Qd1b3 f5
18.f3 fxg4
19.hxg4 c6
20.Nh4xg6 Ne7xg6
21.fxe4 Qc8xg4
22.Qb3c2 Ng6xe5
23.Kf2 Qg4f3
24.Kg1 Qf3xe3
25.Kh2 Rd8d2
{ resign }
0-1

[Event "Match"]
[Site "www.echecsemail.com"]
[Date "2015.04.12"]
[Round "1"]
[White "Oxycontin"]
[Black "Generalfree"]
[WhiteElo "2100"]
[BlackElo "1930"]
[Result "1/2-1/2"]
[Round "1"]
1.d4 Ng8f6
2.Bc1g5 e6
3.e4 h6
4.Bg5xf6 gxf6
5.Ng1f3 Bf8g7
6.Bf1c4 d5
7.exd5 exd5
8.Bc4b3 Qd8e7
9.Qd1e2 Qe7xe2
10.Kxe2 Bc8e6
11.Nb1c3 { draw }
1/2-1/2

[Event "Match"]
[Site "www.echecsemail.com"]
[Date "2015.04.12"]
[Round "1"]
[White "Wagner"]
[Black "Generalfree"]
[WhiteElo "1650"]
[BlackElo "1790"]
[Result "1-0"]
[Round "1"]
1.Ng1f3 e6
2.e4 c5
3.c4 d6
4.d3 h6
5.Bc1d2 Bc8d7
6.Nb1c3 a6
7.h4 Bf8e7
8.g3 Nb8c6
9.a3 Ng8f6
10.Bf1h3 Nc6a7
11.b4 b5
12.d4 bxc4
13.dxc5 dxc5
14.Qd1e2 cxb4
15.axb4 Be7xb4
16.e5 Bb4xc3
17.Bd2xc3 Nf6d5
18.Bc3d4 Bd7b5
19.Qe2d2 Na7c6
20.O-O c3
21.Qd2c2 Bb5xf1
22.Bh3xf1 a5
23.Bf1b5 Qd8c7
24.Qc2e2 O-O
25.Ra1b1 Nc6xd4
26.Nf3xd4 Ra8c8
27.Nd4c6 Nd5e7
28.Qe2e4 Ne7xc6
29.Bb5d3 Nc6xe5
30.Qe4h7 { resign }
1-0

[Event "Match"]
[Site "www.echecsemail.com"]
[Date "2015.04.12"]
[Round "1"]
[White "Whitekknight"]
[Black "Cardiff"]
[WhiteElo "1840"]
[BlackElo "1950"]
[Result "0-1"]
[Round "1"]
1.e4 c6
2.d4 d5
3.exd5 cxd5
4.Bf1e2 Ng8f6
5.Ng1f3 g6
6.Nb1c3 Bf8g7
7.Bc1f4 a6
8.O-O O-O
9.Rf1e1 Nb8c6
10.h3 b5
11.a3 Bc8b7
12.Be2d3 Nc6a5
13.Bf4d2 Na5c4
14.Bd3xc4 dxc4
15.Bd2e3 e6
16.Qd1e2 Nf6d5
17.Nc3xd5 Bb7xd5
18.Ra1d1 Qd8b6
19.c3 Ra8d8
20.Nf3e5 Qb6b7
21.f3 f6
22.Ne5g4 h5
23.Ng4h2 Rf8e8
24.Qe2d2 Kh7
25.Re1e2 Bd5c6
26.Re2f2 e5
27.Qd2c2 exd4
28.Be3xd4 Bc6d5
29.Rf2d2 Bd5e6
30.Rd1f1 Be6f5
31.Qc2c1 Bf5d3
32.Rf1f2 Re8e6
33.Nh2f1 Qb7e7
34.Rd2d1 Bg7h6
35.Qc1a1 Rd8e8
36.f4 f5
37.Nf1d2 Re6e2
38.Nd2f3 Bh6xf4
39.Rd1f1 Bf4g3
40.Rf2xe2 Qe7xe2
41.Qa1c1 Qe2xf1
42.Qc1xf1 Bd3xf1
43.Kxf1 Kg8
44.h4 Kf7
45.Bd4f2 Bg3xf2
46.Kxf2 Kf6
47.Nf3d4 Re8d8
48.Kf3 g5
49.g3 gxh4
50.gxh4 Rd8e8
51.Nd4e2 Re8xe2
52.Kxe2 Ke5
53.Ke3 f4
54.Kf3 Kf5
55.Kg2 Kg4
56.Kf2 Kxh4
57.Kf3 Kg5
{ resign }
0-1

[Event "Match"]
[Site "www.echecsemail.com"]
[Date "2015.04.12"]
[Round "1"]
[White "Generalfree"]
[Black "Hrob71"]
[WhiteElo "1740"]
[BlackElo "2040"]
[Result "0-1"]
[Round "1"]
1.e4 e5
2.Ng1f3 Nb8c6
3.Bf1c4 Ng8f6
4.Nf3g5 d5
5.exd5 Nc6a5
6.Bc4b5 c6
7.dxc6 bxc6
8.Bb5a4 h6
9.Ng5f3 e4
10.Nf3e5 Qd8d4
11.Ne5xc6 Qd4xa4
12.Nc6xa5 Qa4xa5
13.c3 Bf8e7
14.b4 Qa5c7
15.O-O O-O
16.d3 Rf8d8
17.d4 Be7d6
18.g3 Bc8g4
19.Qd1e1 Bg4h3
20.Bc1xh6 gxh6
21.Qe1e3 Bh3xf1
{ resign }
0-1

[Event "Match"]
[Site "www.echecsemail.com"]
[Date "2015.04.12"]
[Round "1"]
[White "Oxycontin"]
[Black "Valdri"]
[WhiteElo "2040"]
[BlackElo "2040"]
[Result "1-0"]
[Round "1"]
1.e4 d5
2.exd5 Qd8xd5
3.Ng1f3 Bc8g4
4.Bf1e2 Ng8f6
5.O-O c6
6.c4 Qd5d6
7.Nb1c3 Nb8d7
8.d4 e6
9.Rf1e1 Bf8e7
10.c5 Qd6c7
11.g3 O-O
12.Bc1f4 Qc7d8
13.Nf3e5 Bg4xe2
14.Qd1xe2  { time }
1-0

[Event "1/32 Finale"]
[Site "www.chess-mail.com"]
[Date "2015.04.12"]
[Round "1"]
[White "Anja"]
[Black "Montinskij"]
[WhiteElo "1680"]
[BlackElo "2229"]
[Result "0-1"]
[Round "1"]
1.d4 Ng8f6
2.Ng1f3 d5
3.Bc1f4 c5
4.e3 Nb8c6
5.Nb1d2 Qd8b6
6.Nd2b3 c4
7.Nb3c5 Qb6xb2
8.Bf1e2 b6
9.Nc5a4 Qb2a3
10.c3 Bc8d7
11.Qd1c2 Nc6b4
12.cxb4 Bd7xa4
13.Qc2d2 e5
{ resign }
0-1

[Event "1/128 Finale"]
[Site "www.chess-mail.com"]
[Date "2015.04.12"]
[Round "1"]
[White "Jdz"]
[Black "Generalfree"]
[WhiteElo "2430"]
[BlackElo "1890"]
[Result "1-0"]
[Round "1"]
1.e4 e5
2.Ng1f3 Ng8f6
3.Nf3xe5 Qd8e7
4.d4 Nf6xe4
5.Bf1d3 d5
6.O-O f6
7.Qd1h5 g6
8.Ne5xg6 { resign }
1-0

[Event "Eq:chibcha-Equipo Juan Diaz : "]
[Site "www.chess-mail.com"]
[Date "2015.04.12"]
[Round "1"]
[White "Astigitana"]
[Black "Paes19"]
[WhiteElo "2450"]
[BlackElo "2040"]
[Result "1-0"]
[Round "1"]
1.d4 e6
2.c4 d6
3.Ng1f3 h6
4.Nb1c3 c6
5.e4 Nb8d7
6.Bf1e2 Bf8e7
7.O-O Ng8f6
8.e5 Nf6g8
9.Bc1e3 d5
10.cxd5 cxd5
11.Be2d3  { time }
1-0

[Event "Fast Game"]
[Site "www.echecsemail.com"]
[Date "2015.04.12"]
[Round "1"]
[White "Julianlore"]
[Black "Cyrilgeorge"]
[WhiteElo "1599"]
[BlackElo "1599"]
[Result "1-0"]
[Round "1"]
1.e4 e5
2.Ng1f3 d6
3.d4 Nb8c6
4.Bf1b5 Bc8d7
5.Nb1c3 a6
6.Bb5xc6 bxc6
7.dxe5 dxe5
8.Nf3xe5 Ng8h6
9.Bc1xh6 gxh6
10.Qd1h5 Qd8e7
11.O-O-O O-O-O
12.Ne5xf7 Bd7e8
13.Rd1xd8 { resign }
1-0

[Event "Tourn. n8104"]
[Site "www.chess-mail.com"]
[Date "2015.04.13"]
[Round "1"]
[White "Odin"]
[Black "Antuan72"]
[WhiteElo "1810"]
[BlackElo "1990"]
[Result "1/2-1/2"]
[Round "1"]
1.c4 c5
2.e3 Nb8c6
3.Ng1f3 d6
4.d4 cxd4
5.exd4 e6
6.b3 Ng8f6
7.Bf1d3 Bf8e7
8.Bc1g5 O-O
9.O-O h6
10.Bg5h4 Qd8c7
11.Nb1d2 Bc8d7
12.a3 a6
13.Ra1c1 Ra8c8
14.Bh4g3 Qc7b8
15.c5 e5
16.dxe5 dxe5
17.Nd2c4 Be7xc5
18.Nf3xe5 Nc6xe5
19.Nc4xe5 Bc5d6
20.Ne5xd7 Nf6xd7
21.Bg3xd6 Rc8xc1
22.Qd1xc1 Qb8xd6
23.Rf1d1 Qd6b8
24.Bd3b1 Nd7f6
25.Rd1d3 Rf8e8
26.h3 b5
27.Rd3g3 Kh8
28.Rg3f3 Qb8a7
29.Bb1f5 a5
30.Qc1c6 Re8e1
31.Kh2 Qa7b8
32.g3 Qb8e8
33.Qc6xe8 Re1xe8
34.g4 Re8e7
35.Rf3c3 b4
36.Rc3c8 Re7e8
37.Rc8xe8 Nf6xe8
38.a4 Ne8d6
39.Bf5d3 Kg8
40.f4 Kf8
41.Kg3 Ke7
42.Kf3 f6
43.h4 Nd6f7
44.f5 Nf7e5
45.Ke4 Ne5xg4
46.Bd3c4 Kd6
47.h5 Kc5
48.Bc4g8 Ng4e5
49.Ke3 Ne5c6
50.Bg8e6 Nc6e5
51.Be6g8 Ne5g4
52.Ke4 Ng4e5
53.Ke3 Ne5g4
54.Ke4 { draw }
1/2-1/2

[Event "Tourn. n8085"]
[Site "www.chess-mail.com"]
[Date "2015.04.13"]
[Round "1"]
[White "Difficult"]
[Black "Terrible"]
[WhiteElo "2100"]
[BlackElo "2300"]
[Result "0-1"]
[Round "1"]
1.d4 d5
2.c4 e6
3.Nb1c3 Bf8e7
4.Ng1f3 Ng8f6
5.e3 Nb8d7
6.Bf1d3 O-O
7.O-O c5
8.cxd5 exd5
9.b3 b6
10.Bc1b2 Bc8b7
11.Qd1e2 Nf6e4
12.dxc5 Nd7xc5
13.Bd3c2 Ne4xc3
14.Bb2xc3 Bb7a6
15.Qe2d2 Ba6xf1
16.Ra1xf1 Nc5e4
17.Bc2xe4 dxe4
18.Nf3d4 Qd8d5
19.Qd2c2 Ra8c8
20.Qc2b2 Rf8d8
21.g3 Qd5h5
22.a3 Rd8d6
23.Bc3b4 Rd6h6
24.h4 Be7xh4
25.Rf1c1 Bh4d8
{ resign }
0-1

[Event "Tourn. n8123"]
[Site "www.chess-mail.com"]
[Date "2015.04.13"]
[Round "1"]
[White "Manolinex"]
[Black "Cathar"]
[WhiteElo "2730"]
[BlackElo "2230"]
[Result "1-0"]
[Round "1"]
1.e4 e6
2.d4 d5
3.Nb1c3 Ng8f6
4.Bc1g5 Bf8b4
5.e5 h6
6.Bg5c1 Nf6e4
7.Qd1g4 Kf8
8.Ng1e2 c5
9.a3 Bb4a5
10.dxc5 Nb8d7
11.b4 Nd7xe5
12.Qg4h5 Ba5c7
13.Nc3xe4 dxe4
14.Bc1b2 Qd8g5
15.Qh5xg5 hxg5
16.Ne2c3 e3
17.O-O-O Ke7
18.Nc3b5 Bc7b8
19.Nb5d6 Ne5g4
20.Bb2xg7 Rh8g8
21.Nd6xc8 Rg8xc8
22.Bf1b5 Rc8c7
23.h4 gxh4
24.Rh1xh4 Ng4xf2
25.Rd1d8 { resign }
1-0

[Event "Tourn. n8161"]
[Site "www.chess-mail.com"]
[Date "2015.04.13"]
[Round "1"]
[White "Swampcat"]
[Black "Hansen"]
[WhiteElo "1359"]
[BlackElo "1450"]
[Result "1-0"]
[Round "1"]
1.e4 d5
2.exd5 Qd8xd5
3.Nb1c3 Qd5e5
4.Bf1e2 Ng8f6
5.Ng1f3 Qe5f4
6.d4 Qf4f5
7.Nc3b5 Nb8a6
8.Bc1e3 Bc8d7
9.Nf3e5 Bd7e6
10.Be2d3 Nf6e4
11.f3 Be6d5
12.fxe4 Bd5xe4
13.Nb5c3 f6
14.Bd3xe4 Qf5e6
15.Be4xb7 Ra8d8
16.Bb7c6 Rd8d7
17.Bc6xd7 Qe6xd7
18.Ne5xd7 Kxd7
19.Qd1g4 Ke8
20.Qg4c8 Kf7
21.Qc8xa6 g5
22.Qa6c4 e6
23.Qc4xc7 Bf8e7
24.O-O Rh8d8
25.Qc7xa7 h5
26.Nc3e4 f5
27.Ne4xg5 Ke8
28.Ng5xe6 Rd8d6
29.Ne6g7 Kf7
30.Rf1xf5 Rd6f6
31.Ra1f1 { resign }
1-0

[Event "Tourn. n8106"]
[Site "www.chess-mail.com"]
[Date "2015.04.13"]
[Round "1"]
[White "Pgcbies"]
[Black "Glenno"]
[WhiteElo "2740"]
[BlackElo "2360"]
[Result "1-0"]
[Round "1"]
1.e4 e5
2.Ng1f3 Nb8c6
3.Bf1b5 a6
4.Bb5a4 Ng8f6
5.d4 exd4
6.O-O Nf6xe4
7.Rf1e1 d5
8.c4 dxc4
9.Ba4xc6 bxc6
10.Re1xe4 Bf8e7
11.Re4xd4 Be7d6
12.Bc1g5 f6
13.Bg5f4 O-O
14.Bf4xd6 cxd6
15.Rd4xd6 Qd8b6
16.Nb1a3 Qb6xb2
17.Na3xc4 Qb2b5
18.Ra1c1 Bc8g4
19.h3 Bg4h5
20.a4 Bh5xf3
21.axb5 Ra8d8
22.gxf3 Rd8xd6
23.Nc4xd6 { resign }
1-0

[Event "Tourn. n7981"]
[Site "www.chess-mail.com"]
[Date "2015.04.13"]
[Round "1"]
[White "Szustan"]
[Black "Seger"]
[WhiteElo "2620"]
[BlackElo "2630"]
[Result "1/2-1/2"]
[Round "1"]
1.e4 e6
2.d4 g6
3.Ng1f3 Bf8g7
4.Bf1e2 d5
5.e5 Ng8e7
6.O-O c5
7.c3 O-O
8.Bc1g5 h6
9.Bg5e3 Nb8c6
10.b4 cxd4
11.cxd4 a6
12.a3 Ne7f5
13.Nb1d2 Nf5xe3
14.fxe3 Nc6e7
15.Nd2b3 h5
16.Qd1d2 Bg7h6
17.Be2d3 b6
18.h3 Bc8d7
19.a4 Ne7f5
20.Bd3xf5 exf5
21.a5 Bd7b5
22.Rf1c1 Bb5c4
23.Rc1c3 Ra8b8
24.axb6 Rb8xb6
25.Nb3a5 Bc4b5
26.Ra1c1 Rf8e8
27.Na5b3 Bh6f8
28.Nb3c5 Qd8e7
29.Rc1a1 Bb5c4
30.Rc3a3 Re8b8
31.Ra1b1 Qe7d8
32.Qd2e1 Qd8c8
33.Rb1a1 Rb6xb4
34.Nc5xa6 Rb4b1
35.Ra1xb1 Rb8xb1
36.Qe1xb1 Bf8xa3
37.Na6c5 Ba3xc5
38.dxc5 Qc8xc5
39.Qb1b8 { draw }
1/2-1/2

[Event "Tourn. n8011"]
[Site "www.chess-mail.com"]
[Date "2015.04.13"]
[Round "1"]
[White "Vasylpuzanov"]
[Black "Krasin"]
[WhiteElo "2000"]
[BlackElo "2140"]
[Result "1-0"]
[Round "1"]
1.e4 e6
2.d4 d5
3.Nb1d2 c5
4.Ng1f3 Nb8c6
5.exd5 exd5
6.Bf1b5 Bf8d6
7.dxc5 Bd6xc5
8.O-O Ng8e7
9.Nd2b3 Bc5b6
10.Bc1g5 O-O
11.Rf1e1 f6
12.Bg5e3 Bb6xe3
13.Re1xe3 Qd8d6
14.c4 Bc8g4
15.Bb5xc6 bxc6
16.Qd1d4 Bg4xf3
17.Re3xf3 Rf8d8
18.c5 Qd6d7
19.Qd4d2 Ne7g6
20.Nb3d4 Ng6e5
21.Rf3g3 Rd8e8
22.Ra1d1 Ra8b8
23.b3 Ne5g6
24.a3 Re8e4
25.f3 Re4e7
26.Rd1f1 Rb8e8
27.f4 f5
28.b4 Re7e4
29.Rg3c3 a6
30.Rc3f3 Ng6f8
31.Rf3d3 Nf8e6
32.Nd4xf5 Ne6xc5
33.Nf5xg7 Re4e2
34.Ng7xe8 Qd7xe8
35.Rd3g3 Kf7
36.Qd2c3  { time }
1-0

[Event "Tourn. n8055"]
[Site "www.chess-mail.com"]
[Date "2015.04.13"]
[Round "1"]
[White "Krasin"]
[Black "Stepanpech"]
[WhiteElo "2300"]
[BlackElo "2420"]
[Result "0-1"]
[Round "1"]
1.e4 c6
2.d4 d5
3.e5 Bc8f5
4.Nb1c3 e6
5.g4 Bf5g6
6.Ng1e2 c5
7.Bc1e3 Nb8c6
8.h4 h5
9.Ne2f4 Bg6h7
10.Nf4xh5 cxd4
11.Be3xd4 a6
12.Rh1h3 Qd8a5
13.Qd1d2 Bh7xc2
14.Qd2xc2 Nc6xd4
15.Qc2d2 Nd4b3
16.axb3 Qa5xa1
17.Ke2 Ng8e7
 { time }
0-1

[Event "Tourn. n8110"]
[Site "www.chess-mail.com"]
[Date "2015.04.13"]
[Round "1"]
[White "Willbest500"]
[Black "Iko"]
[WhiteElo "1499"]
[BlackElo "1490"]
[Result "0-1"]
[Round "1"]
1.e4 e5
2.f4 exf4
3.Ng1f3 g5
4.d4 Qd8e7
5.Nf3e5 c5
6.Ne5f3 Qe7xe4
7.Bf1e2 g4
8.Nf3g5 Qe4xg2
 { time }
0-1

[Event "Tourn. n8140"]
[Site "www.chess-mail.com"]
[Date "2015.04.13"]
[Round "1"]
[White "Masterchess"]
[Black "Malbertan"]
[WhiteElo "1860"]
[BlackElo "1960"]
[Result "0-1"]
[Round "1"]
1.c4 f5
2.Ng1f3 Ng8f6
3.Nb1c3 Nb8c6
4.d4 e6
5.Bc1g5 Bf8e7
6.e3 O-O
7.Bf1e2 Nf6g4
8.Bg5xe7 Qd8xe7
9.O-O b6
10.h3 Ng4h6
11.d5 Nc6a5
12.Qd1c2 Bc8a6
13.b3 g5
14.dxe6 dxe6
15.Rf1d1 g4
16.hxg4 fxg4
17.Nf3d4 Qe7h4
18.g3 Qh4h5
19.Qc2e4 Ba6b7
{ resign }
0-1

[Event "Tourn. n8089"]
[Site "www.chess-mail.com"]
[Date "2015.04.13"]
[Round "1"]
[White "E4player"]
[Black "Emmanuelasi"]
[WhiteElo "2410"]
[BlackElo "2320"]
[Result "1-0"]
[Round "1"]
1.Ng1f3 Nb8c6
2.e4 e5
3.Bf1c4 Bf8c5
4.O-O d6
5.c3 Ng8f6
6.d4 exd4
7.cxd4 Bc5b6
8.Nb1c3 O-O
9.Bc4b3 Bc8g4
10.Bc1e3 h6
11.Qd1d3 Bg4xf3
12.gxf3 Nf6h5
13.Nc3d5 Nc6e7
14.Qd3b5 Ne7xd5
15.Qb5xd5 Qd8h4
16.Qd5f5 Ra8e8
17.Kh1 Nh5f6
18.Rf1g1 Kh8
19.Rg1xg7 Kxg7
20.Ra1g1 Kh8
21.Be3g5 hxg5
22.Qf5xf6 Kh7
23.Rg1xg5 Qh4h6
24.Qf6f5 Qh6g6
25.Rg5xg6 fxg6
26.Qf5d7 Kh8
27.Bb3f7 Re8d8
28.Qd7e7 Bb6xd4
29.Bf7xg6 { resign }
1-0

[Event "Tourn. n8172"]
[Site "www.chess-mail.com"]
[Date "2015.04.13"]
[Round "1"]
[White "Hrob71"]
[Black "Amaya"]
[WhiteElo "2020"]
[BlackElo "2020"]
[Result "1-0"]
[Round "1"]
1.e4 e6
2.d4 d5
3.Nb1c3 Bf8b4
4.e5 Ng8e7
5.Ng1f3 O-O
6.a3 Bb4xc3
7.bxc3 c5
8.Bf1d3 c4
9.Bd3xh7 Kxh7
10.Nf3g5 Kg6
11.Qd1g4 f5
12.exf6 e5
13.Ng5e6 { resign }
1-0

[Event "Tourn. n8115"]
[Site "www.chess-mail.com"]
[Date "2015.04.13"]
[Round "1"]
[White "Krasin"]
[Black "Emmanuelasi"]
[WhiteElo "2300"]
[BlackElo "2340"]
[Result "0-1"]
[Round "1"]
1.d4 Nb8c6
2.d5 Nc6e5
3.f4 Ne5g6
4.Ng1f3 e6
5.dxe6 fxe6
6.e4 d6
7.Bf1d3 e5
8.f5 Ng6e7
9.Nb1c3 c6
10.O-O Ng8f6
11.Qd1e2 Bc8d7
12.Nf3g5 h6
13.Ng5e6 Bd7xe6
14.fxe6 Ne7c8
 { time }
0-1

[Event "Tourn. n8055"]
[Site "www.chess-mail.com"]
[Date "2015.04.13"]
[Round "1"]
[White "Krasin"]
[Black "Emmanuelasi"]
[WhiteElo "2300"]
[BlackElo "2220"]
[Result "0-1"]
[Round "1"]
1.e4 Nb8c6
2.Ng1f3 e5
3.Bf1c4 Bf8c5
4.b4 Bc5xb4
5.c3 Bb4d6
6.d4 Ng8f6
7.Nb1d2 O-O
8.O-O h6
9.Rf1e1 Rf8e8
10.Qd1b3 Re8f8
11.Bc4d3 Rf8e8
12.Nd2c4 Bd6e7
13.Nc4xe5 Re8f8
14.Ne5g6 Rf8e8
15.e5 Nf6h7
16.Bd3c4 Re8f8
17.Ng6xf8 Qd8xf8
18.Bc4d3 d6
19.Qb3c2 Nh7g5
20.Nf3xg5 hxg5
21.exd6 cxd6
22.Ra1b1 g6
23.Rb1b5 Qf8h6
 { time }
0-1

[Event "Tourn. n8159"]
[Site "www.chess-mail.com"]
[Date "2015.04.13"]
[Round "1"]
[White "Easychess"]
[Black "Zazi"]
[WhiteElo "1490"]
[BlackElo "1540"]
[Result "0-1"]
[Round "1"]
1.d4 d5
2.c4 dxc4
3.Ng1f3 b5
4.e3 Bc8g4
5.a4 c6
6.axb5 cxb5
7.b3 Bg4e6
8.bxc4 bxc4
9.Bf1xc4 Be6xc4
10.Qd1a4 Nb8d7
11.Nf3e5 Bc4d5
12.O-O f6
13.Ne5xd7 Qd8xd7
{ resign }
0-1